000 00516nam a2200205Ia 4500
005 20251020182535.0
008 200515s9999 xx 000 0 und d
082 _a72.02/A57
100 _aANDERTON, Frances
245 0 _aArquitectura Pop
260 _aMadrid
260 _c1999
500 _a1 ejemplar
520 _aArquitectura Pop de los arquitectos Kanner en Los Ángeles
650 _aARQUITECTURA
650 _aARQUITECTURA POP
650 _aESTILOS ARQUITECTONICOS
650 _aLIB
942 _cLIB
999 _c2210
_d2210